HAMILTON BAILEYS EMERGENCY SURGERY (Record no. 492779)

MARC details
000 -LEADER
fixed length control field 00352pam a2200157a 44500
008 - FIXED-LENGTH DATA ELEMENTS--GENERAL INFORMATION
fixed length control field 230515b2000 xxu||||| |||| 00| 0 eng d
020 ## - INTERNATIONAL STANDARD BOOK NUMBER
International Standard Book Number 0
041 ## - LANGUAGE CODE
Language code of text/sound track or separate title ENGLISH
082 ## - DEWEY DECIMAL CLASSIFICATION NUMBER
Classification number 617/ELL
100 ## - MAIN ENTRY--PERSONAL NAME
Personal name ELLIS BRAIN
245 ## - TITLE STATEMENT
Title HAMILTON BAILEYS EMERGENCY SURGERY
250 ## - EDITION STATEMENT
Edition statement 13
260 ## - PUBLICATION, DISTRIBUTION, ETC.
Place of publication, distribution, etc. LONDON
Name of publisher, distributor, etc. ARNOLD
Date of publication, distribution, etc. 2000
300 ## - PHYSICAL DESCRIPTION
Extent 804
650 ## - SUBJECT ADDED ENTRY--TOPICAL TERM
Topical term or geographic name entry element N.D.
Holdings
Withdrawn status Lost status Damaged status Not for loan Home library Current library Shelving location Date acquired Source of acquisition Cost, normal purchase price Total Checkouts Full call number Barcode Date last seen Price effective from Koha item type Public note
        Bharati Ayurved College and Hospital, Kolhapur Bharati Ayurved College and Hospital, Kolhapur   01/01/1991 S. K. KOTHARI 1795.00   617/ELL BHK-UG-8967 28/06/2023 28/06/2023 Book Transferred Books from ACP Branch